Sustainable Development of Energy, Water and Environment Systems (SDEWES 2022) (Record no. 191040)

MARC details
000 -LEADER
fixed length control field 00522nmm a2200145Ia 4500
020 ## - INTERNATIONAL STANDARD BOOK NUMBER
ISBN 9783036596761
245 #0 - TITLE STATEMENT
Title Sustainable Development of Energy, Water and Environment Systems (SDEWES 2022)
260 ## - PUBLICATION, DISTRIBUTION, ETC. (IMPRINT)
Place of publication MDPI - Multidisciplinary Digital Publishing Institute
Year of publication 2023
650 ## - SUBJECT ADDED ENTRY--TOPICAL TERM
Topical Term combined heat and power
700 ## - ADDED ENTRY--PERSONAL NAME
Personal name Sahin, Oz||Richards, Russell
856 ## - ELECTRONIC LOCATION AND ACCESS
Uniform Resource Identifier https://directory.doabooks.org/handle/20.500.12854/132352
942 ## - ADDED ENTRY ELEMENTS (KOHA)
Koha item type
Holdings
Withdrawn status Lost status Damaged status Not for loan Permanent Location Current Location Date acquired Price effective from Koha item type
        Library and Documentation Division NCERT Library and Documentation Division NCERT 11/20/2024 11/20/2024